| 000 | 00506nmm a2200217 a 4500 | ||
|---|---|---|---|
| 003 | AR-BaBNM | ||
| 005 | 20251128203416.0 | ||
| 008 | 307019s1989 ||||||||||||||000 | mul|| | ||
| 020 | _a2-03-402051-0 | ||
| 040 | _cAR-BaBNM | ||
| 100 | 1 | _aToro Gisbert, Miguel de | |
| 245 | 1 | 0 | _aDictionnaire français-espagnol |
| 260 |
_a[S.l.] _bLarousse _c1989 |
||
| 300 | 0 | _a264 p. | |
| 650 | 4 | _aDICCIONARIOS | |
| 650 | 4 | _aESPANOL | |
| 650 | 4 | _aFRANCES | |
| 655 | _aREFERENCIA | ||
| 942 | _cBK | ||
| 998 | _claura | ||
| 999 |
_c3256 _d3256 |
||